Ghosts (Record no. 408)

MARC details
000 -LEADER
fixed length control field 00195 a2200097 4500
020 ## - INTERNATIONAL STANDARD BOOK NUMBER
International Standard Book Number 9781848420632
100 ## - MAIN ENTRY--PERSONAL NAME
Personal name Eyre, Richard,
245 ## - TITLE STATEMENT
Title Ghosts
260 ## - PUBLICATION, DISTRIBUTION, ETC.
Name of publisher, distributor, etc. Nick Hern
Date of publication, distribution, etc. 2010.
942 ## - ADDED ENTRY ELEMENTS (KOHA)
Source of classification or shelving scheme Dewey Decimal Classification
Koha item type
Holdings
Withdrawn status Lost status Damaged status Not for loan Collection Home library Current library Shelving location Date acquired Barcode Date last seen Price effective from Koha item type
        Reference Centerville Centerville General stacks 12/04/2014 39999000017991 12/04/2014 12/04/2014 Books
        Reference Fairview Fairview General stacks 12/04/2014 39999000018011 12/04/2014 12/04/2014 Books